000 01244nam a22002777a 4500
003 OSt
005 20221028143515.0
007 cr ||||||a|c|a
008 221025s2020 mx a|||fom||| 001 0 spa d
040 _erda
100 1 _9185554
_aMerino Jiménez, Edgar
245 1 _aModelación hidrológica horaria en la cuenca del Río Fuerte /
_cpor Edgar Merino Jiménez; director de tesis Laura Alicia Ibáñez Castillo.
264 1 _aChapingo, México :
_bEl autor,
_c2020.
300 _a1 recurso en línea (99 páginas);
_bcuadros, figuras.
336 _2rdacontent
_atexto
_btxt
337 _2rdamedia
_acomputadora
_bc
338 _2rdacarrier
_arecurso en línea
_bcr
502 _bMIAUIA
_cIrrigación y Mecánica
_d2020.
_gMAE
504 _aIncluye referencias bibliográficas: páginas 4-5, 35-43, 67-70.
650 4 _9132176
_aCuencas hidrológicas
_xEscurrimientos
_xModelos matemáticos
650 4 _9175574
_aDiseño de sistemas de captación de agua de lluvia
650 4 _9133075
_aEscurrimientos
_xMedición
700 1 _957233
_aIbáñez Castillo, Laura Alicia
_eDirector de Tesis.
856 _uhttp://10.13.5.2/tesis/tm/2020_IM_Merino_Jimenez_Edgar.pdf
_zDESCARGAR PDF
942 _2Clasificación Universidad Autónoma Chapingo
_cTD
999 _c217667
_d217667